| 000 | 00579nam a2200241Ia 4500 | ||
|---|---|---|---|
| 003 | OSt | ||
| 005 | 20230331103002.0 | ||
| 008 | 210423s2005 xx 000 0 und d | ||
| 020 | _a9780070153363 | ||
| 040 | _cAL | ||
| 041 | _aeng | ||
| 082 | _a070.1 POTW | ||
| 100 |
_aPOTTER (W James) _980691 |
||
| 245 | _aMedia literacy | ||
| 250 | _a3 | ||
| 260 |
_aNew Delhi _bSahitya Bhawan Publications _c2005 |
||
| 300 |
_axiii,239 _bPB |
||
| 365 |
_b2845 _cINR |
||
| 650 |
_aGeneral _980692 |
||
| 650 |
_aMass Media _980693 |
||
| 906 | _aliteracy. ; Media | ||
| 942 |
_2ddc _cBK |
||
| 999 |
_c157705 _d157705 |
||